| 000 | 00740nam a2200217Ii 4500 | ||
|---|---|---|---|
| 003 | JO-AjNU | ||
| 008 | 230605s9999||||xx |||||||||||||| ||und|| | ||
| 020 | _a2-7451-2584-2 | ||
| 040 |
_aJO-AjNU _bara _erda _cJO-AjNU |
||
| 041 | _aara | ||
| 050 | 1 | 4 | _aBP135.A12 1998 |
| 100 | 3 |
_aبن برد زبة، ابي عبد الله محمد بن اسماعيل ابن ابراهيم بن المغيرة, _eauthor _962105 |
|
| 245 | 0 | 0 | _aصحيح البخاري، مج2 |
| 250 | _aط1 | ||
| 264 | 3 | 1 | _aبيروت: دار الكتب العلمية، 1998 |
| 300 | _aمح2: 552ص | ||
| 336 |
_atext _btxt _2rdacontent |
||
| 337 |
_aunmediated _bn _2rdamedia |
||
| 338 |
_avolume _bnc _2rdacarrier |
||
| 650 | 4 |
_aالجديث-مجموعات _962106 |
|
| 999 |
_aA28107 _c31675 _d31675 |
||